Who Said It? - Good Omens S1 - Statistics

General Stats
  • This quiz has been taken 488 times
  • The average score is 17 of 24
Answer Stats
Question Answer % Correct
I'm afraid I rather made a mess of things. Aziraphale
98%
Oh be-bop. Aziraphale
94%
Somebody killed my best friend! Crowley
94%
Is it my fault they never check up? I'm to blame they never check up! Crowley
91%
Can I hear a wahoo? Crowley
89%
I want to complain about the conduct of a few angels- Aziraphale
86%
I helped build that one. Crowley
86%
I have standards! Aziraphale
82%
I am having a moment here! Crowley
82%
You're all going to lose. Crowley
80%
I like spooky. Crowley
78%
Hard on the buttocks horses. Crowley
77%
Armageddon is coming and I'm fairly certain it starts today, just after tea time. Aziraphale
75%
Forget my own head next. Aziraphale
74%
He's over there writing a rude word on a description of a dinosaur. Aziraphale
72%
Fantastically evil Crowley
58%
I'm not consulted on policy decisions. Aziraphale
54%
See? This day's already gotten better. Crowley
54%
Luck of the devil. Aziraphale
49%
As if Armageddon were a cinematic graphic show you wished to sell in as many countries as possible Aziraphale
48%
There aren't any right people, there's just God! Crowley
48%
I don't think fighting him would do anything, you're going to have to come up with something else. Crowley
45%
Just imagine how awful it might have been if we'd been at all competent. Aziraphale
32%
Could do with some house plants, maybe a coffee table. Aziraphale
18%
No matching quizzes found
Score Distribution
Percent of People with Each Score
Percentile by Number Answered
Your Score History
You have not taken this quiz